Napoleonische Kriege Multiple Choice - Statistiken

Allgemein
  • Dieses Quiz wurde 54 mal gespielt
  • Das Durchschnittsergebnis liegt bei 11 aus 15
Antwortstatistiken
Frage Antwort % Korrekt
Auf welcher Insel starb Napoleon letztendlich? St. Helena
94%
In welcher Stadt fand 1814 ein Kongress statt, um Europa nach Napoleon neu zu ordnen? Wien
92%
Auf welche Insel wurde Napoleon 1814 verbannt? Elba
90%
Welches, seit fast 1000 Jahren bestehendes, Reich wurde 1806 abgeschafft? Das heilige römische Reich
88%
In welchem Land hielt Napoleon zwischen 1798-1801 einen Feldzug, um britische Handelsrouten zu kappen? Ägypten
78%
Welche Schlacht um 1805 wird als Napoleons größter Sieg angesehen? Die Schlacht von Austerlitz
78%
An welches Land verkaufte Napoleon 1803 das Louisiana-Gebiet? Die USA
78%
Welche Stadt markierte die östlichsten Eroberungen Napoleons? Moskau
78%
Welches zwischen 1772-1795 aufgeteilte Land wurde von Napoleon als Satellitenstaat wiederbelebt? Polen
78%
Wann krönte sich Napoleon zum Kaiser von Frankreich? 1804
73%
Welche Schlacht galt 1793 als Napoleons erster Sieg? Die Belagerung von Toulon
73%
Wie viele Soldaten verlor Napoleon in seinem Russland Feldzug? Ca. 380.000
51%
Welches Gebirge überschritt Napoleon 1800? Die Alpen
49%
Um die Truppen wessen Landes zu überraschen? Österreich
49%
Wie viele Koalitionen gründeten die europäischen Großmächte gegen Napoleon? Sieben
49%
Keine übereinstimmenden Quizze gefunden
Verteilung der Resultate
Anzahl Personen mit jedem Resultat
Perzentil nach korrekt beantworteten Fragen
Ihre Resultats-Entwicklung
Sie haben dieses Quiz noch nicht gespielt